Uudenmaan kunnat - Statistics

Yleistilastot
  • Tätä visaa on pelattu 87 kertaa
  • Keskiarvotulos 20 / 26
Vastaustilastot
Kuntamuoto Nimi % Oikein
kaupunki Espoo
100%
maakunnan pääkaupunki Helsinki
100%
kaupunki Vantaa
100%
kaupunki Kauniainen
92%
kunta Kirkkonummi
92%
kaupunki Hyvinkää
88%
kaupunki Järvenpää
88%
kaupunki Lohja
88%
kaupunki Porvoo
88%
kaupunki Kerava
86%
kaupunki Hanko
84%
kunta Sipoo
82%
kunta Inkoo
76%
kaupunki Loviisa
76%
kunta Mäntsälä
76%
kunta Askola
73%
kunta Siuntio
73%
kunta Tuusula
73%
kunta Vihti
73%
kaupunki Karkkila
71%
kaupunki Raasepori
71%
kunta Nurmijärvi
69%
kunta Myrskylä
61%
kunta Pornainen
61%
kunta Lapinjärvi
59%
kunta Pukkila
49%
Ehtoja vastaavia visoja ei löytynyt
Tulosjakauma
Jokaisen tuloksen saaneiden osuus
Persentiili vastausten määrän mukaan
Tuloshistoriasi
Et ole pelannut tätä visaa